skbl

Dr Suryya Kumar Bhuyan Library Web-OPAC
ডঃ সূৰ্য্য
কুমাৰ ভূঞা পুথিভঁৰাল ৱেব-অ'পেক

All Research Scholars are advised to clear the annual library fees to continue using Library Resources, Remote Access, Plagiarism Test and Library Clearance.

Cotton University Book Fair 2026

Webster`s New International Dictionary of the English Language / (Record no. 3344)

MARC details
000 -LEADER
fixed length control field 00581nam a2200169Ia 4500
001 - CONTROL NUMBER
control field 3356
008 - FIXED-LENGTH DATA ELEMENTS--GENERAL INFORMATION
fixed length control field 230323n ii |||gr||||Z||||||465
082 ## - DEWEY DECIMAL CLASSIFICATION NUMBER
Classification number 420.03
100 ## - MAIN ENTRY--PERSONAL NAME
Personal name Neilson, William Allan .
245 #0 - TITLE STATEMENT
Title Webster`s New International Dictionary of the English Language /
Statement of responsibility, etc. William Allan Neilson, THomas A Knott and Paul W Carhart.
Medium Textual Documents
250 ## - EDITION STATEMENT
Edition statement 1sted. /
260 ## - PUBLICATION, DISTRIBUTION, ETC.
Place of publication, distribution, etc. London :
Name of publisher, distributor, etc. G Bell &Sons Ltd ,
Date of publication, distribution, etc. 1953.
300 ## - PHYSICAL DESCRIPTION
Extent 3193p. :
Other physical details ill ;
Dimensions 30 cm. .
500 ## - GENERAL NOTE
General note Vol-11 Letters M -Z With Appendics.
653 ## - INDEX TERM--UNCONTROLLED
Uncontrolled term Dictionary; International
942 ## - ADDED ENTRY ELEMENTS (KOHA)
Source of classification or shelving scheme Dewey Decimal Classification
Koha item type Books
Holdings
Withdrawn status Lost status Damaged status Not for loan Home library Current library Date acquired Coded location qualifier Total checkouts Full call number Barcode Date last seen Copy number Price effective from Koha item type
      Not for loan Dr. Suryya Kumar Bhuyan Library Dr. Suryya Kumar Bhuyan Library 01/02/2012 00000   420.03 N 42 We 28951 13/01/2024 1 01/02/2012 Books

Designed and Maintained by Team SKBL
©1901-2026

Powered by Koha